Rodway v Landy (Record no. 68933)

MARC details
000 -LEADER
fixed length control field 01796cam a2200277 4500
001 - CONTROL NUMBER
control field ABS64828
008 - FIXED-LENGTH DATA ELEMENTS--GENERAL INFORMATION
fixed length control field 011126n2001 000 0 eng u
035 ## - SYSTEM CONTROL NUMBER
System control number (Sirsi) u115730
245 ## - TITLE STATEMENT
Title Rodway v Landy
260 ## - PUBLICATION, DISTRIBUTION, ETC.
Date of publication, distribution, etc. 2001
490 ## - SERIES STATEMENT
Series statement Estates Gazette Law Reports
Volume/sequential designation 44 EG 151-157(7)
520 ## - SUMMARY, ETC.
Summary, etc. CA 4 April 2001. In 1994 the claimant (R) and defendant (L) were medical practitioners who acquired a property for use as a surgery in which they set up a medical practice as partners. The partnership was terminated in 1998. R commenced proceedings claiming that the property was a partnership asset and seeking its sale. L denied the property was jointly owned and counterclaimed seeking an order pursuant to the Trusts of Land and Appointment of Trustees Act 1996 s14 for the partitioning of the property. At an earlier hearing it was held that the property was partnership property. Both R and L agreed that they held the property as beneficial tenants in common and equal shares. R appealed the decision of a trial judge that the occupation of the property should be divided between both parties. R argued that s13 of the 1996 Act meant one co-owner could not be excluded from a part of trust property. L cross-appealed in relation to the award of reduced costs made to him. "Held", the appeal and cross-appeal were dismissed.
590 ## - LOCAL NOTE (RLIN)
Local note ABS
650 ## - SUBJECT ADDED ENTRY--TOPICAL TERM
Topical term or geographic name entry element TRUST
650 ## - SUBJECT ADDED ENTRY--TOPICAL TERM
Topical term or geographic name entry element MEDICAL PRACTITIONERS
650 ## - SUBJECT ADDED ENTRY--TOPICAL TERM
Topical term or geographic name entry element REAL PROPERTY
650 ## - SUBJECT ADDED ENTRY--TOPICAL TERM
Topical term or geographic name entry element OCCUPATION RIGHTS
650 ## - SUBJECT ADDED ENTRY--TOPICAL TERM
Topical term or geographic name entry element EXCLUSION
650 ## - SUBJECT ADDED ENTRY--TOPICAL TERM
Topical term or geographic name entry element COSTS ORDERS
650 ## - SUBJECT ADDED ENTRY--TOPICAL TERM
Topical term or geographic name entry element TRUSTS OF LAND AND APPOINTMENT OF TRUSTEES ACT 1996 S14
650 ## - SUBJECT ADDED ENTRY--TOPICAL TERM
Topical term or geographic name entry element NATIONAL HEALTH SERVICE ACT 1977
650 ## - SUBJECT ADDED ENTRY--TOPICAL TERM
Topical term or geographic name entry element TERMINATION OF PARTNERSHIP
650 ## - SUBJECT ADDED ENTRY--TOPICAL TERM
Topical term or geographic name entry element BENEFICIAL TENANTS IN COMMON
690 ## - LOCAL SUBJECT ADDED ENTRY--TOPICAL TERM (OCLC, RLIN)
Topical term or geographic name as entry element PROPERTY AND LAND LAW-CASE LAW
942 ## - ADDED ENTRY ELEMENTS (KOHA)
Suppress in OPAC 0
Holdings
Withdrawn status Lost status Source of classification or shelving scheme Damaged status Not for loan Home library Current library Shelving location Date acquired Total Checkouts Full call number Barcode Date last seen Copy number Price effective from Koha item type
    Dewey Decimal Classification     London London Journal article 26/11/2001   ABS64828 115730-1001 06/08/2019 1 06/08/2019 Law report